The products of Roche

Salvato in:
Dettagli Bibliografici
Natura: Libro
Lingua:Undetermined
Pubblicazione: Switzerland F. Hoffmann La Roche & Co. Ltd 1972
Soggetti:
Tags: Aggiungi Tag
Nessun Tag, puoi essere il primo ad aggiungerne! !
Thư viện lưu trữ: Trung tâm Học liệu Trường Đại học Cần Thơ
LEADER 00447nam a2200157Ia 4500
001 CTU_80887
008 210402s9999 xx 000 0 und d
082 |a 338.4 
082 |b P962 
245 4 |a The products of Roche 
260 |a Switzerland 
260 |b F. Hoffmann La Roche & Co. Ltd 
260 |c 1972 
650 |a Drug research,Pharmaceutical production 
904 |i Trọng Hải 
980 |a Trung tâm Học liệu Trường Đại học Cần Thơ